<?xml version='1.0' encoding='UTF-8'?>
  <record xmlns="http://www.loc.gov/MARC21/slim">
    <leader>00000cam a22000007i 4500</leader>
    <controlfield tag="001">ocn902196184</controlfield>
    <controlfield tag="003">OCoLC</controlfield>
    <controlfield tag="005">20231020162906.2</controlfield>
    <controlfield tag="008">150127s1533    fr            000 0 lat d</controlfield>
    <datafield tag="040" ind1=" " ind2=" ">
      <subfield code="a">NLGGC</subfield>
      <subfield code="b">eng</subfield>
      <subfield code="e">rda</subfield>
      <subfield code="e">dcrmr</subfield>
      <subfield code="c">NLGGC</subfield>
      <subfield code="d">QGJ</subfield>
      <subfield code="d">OCLCO</subfield>
      <subfield code="d">QGJ</subfield>
      <subfield code="d">OCLCF</subfield>
    </datafield>
    <datafield tag="029" ind1="0" ind2=" ">
      <subfield code="a">NLGGC</subfield>
      <subfield code="b">388607939</subfield>
    </datafield>
    <datafield tag="035" ind1=" " ind2=" ">
      <subfield code="a">(OCoLC)902196184</subfield>
    </datafield>
    <datafield tag="100" ind1="1" ind2=" ">
      <subfield code="a">Savonarola, Girolamo,</subfield>
      <subfield code="d">1452-1498,</subfield>
      <subfield code="e">author.</subfield>
      <subfield code="4">aut</subfield>
    </datafield>
    <datafield tag="245" ind1="1" ind2="0">
      <subfield code="a">Dominicae precationis pia admodum &amp; erudita explanatio.</subfield>
    </datafield>
    <datafield tag="264" ind1=" " ind2="1">
      <subfield code="a">Lugduni, :</subfield>
      <subfield code="b">apud Gryphium,</subfield>
      <subfield code="c">1533.</subfield>
    </datafield>
    <datafield tag="300" ind1=" " ind2=" ">
      <subfield code="a">[192] leaves ;</subfield>
      <subfield code="c">11 cm (16mo)</subfield>
    </datafield>
    <datafield tag="336" ind1=" " ind2=" ">
      <subfield code="a">text</subfield>
      <subfield code="b">txt</subfield>
      <subfield code="2">rdacontent</subfield>
    </datafield>
    <datafield tag="337" ind1=" " ind2=" ">
      <subfield code="a">unmediated</subfield>
      <subfield code="b">n</subfield>
      <subfield code="2">rdamedia</subfield>
    </datafield>
    <datafield tag="338" ind1=" " ind2=" ">
      <subfield code="a">volume</subfield>
      <subfield code="b">nc</subfield>
      <subfield code="2">rdacarrier</subfield>
    </datafield>
    <datafield tag="340" ind1=" " ind2=" ">
      <subfield code="m">16mo</subfield>
      <subfield code="2">rdabf</subfield>
    </datafield>
    <datafield tag="500" ind1=" " ind2=" ">
      <subfield code="a">By Girolamo Savonarola.</subfield>
    </datafield>
    <datafield tag="500" ind1=" " ind2=" ">
      <subfield code="a">Also on title page: Reliqua quae hoc libello continentur, indicat sequens pagella.</subfield>
    </datafield>
    <datafield tag="505" ind1="0" ind2="0">
      <subfield code="t">Dominicae precationis interpretatio --</subfield>
      <subfield code="t">Meditatio in Psalmu[m], Miserere mei deus, Hieronymi Sauanorolae --</subfield>
      <subfield code="t">Eiusdem in Psalmum, In te domine speraui --</subfield>
      <subfield code="t">Item in Psalmum, Qui regis Israël intende --</subfield>
      <subfield code="t">Decalogi interpretatio perbreuis --</subfield>
      <subfield code="t">Symboli Apostolici exegesis paraphrastica --</subfield>
      <subfield code="t">Paraphrasis orationis dominicae --</subfield>
      <subfield code="t">Alia dominicae orationis expositio.</subfield>
    </datafield>
    <datafield tag="500" ind1=" " ind2=" ">
      <subfield code="a">Colophon: Lugduni apud Seb. Gryphium.</subfield>
    </datafield>
    <datafield tag="500" ind1=" " ind2=" ">
      <subfield code="a">Printer's device on title page.</subfield>
    </datafield>
    <datafield tag="500" ind1=" " ind2=" ">
      <subfield code="a">Signatures: a-z⁸, A-B⁸ (B8 is blank).</subfield>
    </datafield>
    <datafield tag="500" ind1=" " ind2=" ">
      <subfield code="a">Initials; printed marginalia.</subfield>
    </datafield>
    <datafield tag="510" ind1="4" ind2=" ">
      <subfield code="a">Baudrier, H.-L. Bibliographie lyonnaise,</subfield>
      <subfield code="c">8, 69</subfield>
    </datafield>
    <datafield tag="510" ind1="4" ind2=" ">
      <subfield code="a">Bibliographie des livres imprimés à Lyon au seizième siècle,</subfield>
      <subfield code="c">5, 50 (229)</subfield>
    </datafield>
    <datafield tag="510" ind1="4" ind2=" ">
      <subfield code="a">French books III &amp; IV,</subfield>
      <subfield code="c">85816</subfield>
    </datafield>
    <datafield tag="630" ind1="0" ind2="0">
      <subfield code="a">Bible</subfield>
      <subfield code="x">Criticism, interpretation, etc.</subfield>
      <subfield code="v">Early works to 1800.</subfield>
    </datafield>
    <datafield tag="630" ind1="0" ind2="6">
      <subfield code="a">Bible</subfield>
      <subfield code="x">Critique, interprétation, etc.</subfield>
      <subfield code="v">Ouvrages avant 1800.</subfield>
    </datafield>
    <datafield tag="630" ind1="0" ind2="7">
      <subfield code="a">Bible.</subfield>
      <subfield code="2">fast</subfield>
      <subfield code="0">(OCoLC)fst01356024</subfield>
    </datafield>
    <datafield tag="655" ind1=" " ind2="7">
      <subfield code="a">Criticism, interpretation, etc.</subfield>
      <subfield code="2">fast</subfield>
      <subfield code="0">(OCoLC)fst01411635</subfield>
    </datafield>
    <datafield tag="655" ind1=" " ind2="7">
      <subfield code="a">Early works.</subfield>
      <subfield code="2">fast</subfield>
      <subfield code="0">(OCoLC)fst01411636</subfield>
    </datafield>
    <datafield tag="700" ind1="1" ind2="2">
      <subfield code="i">Container of work:</subfield>
      <subfield code="a">Savonarola, Girolamo,</subfield>
      <subfield code="d">1452-1498.</subfield>
      <subfield code="t">Expositio Orationis dominicae.</subfield>
    </datafield>
    <datafield tag="700" ind1="1" ind2="2">
      <subfield code="i">Container of work:</subfield>
      <subfield code="a">Savonarola, Girolamo,</subfield>
      <subfield code="d">1452-1498.</subfield>
      <subfield code="t">Expositio super psalmo 'Miserere mei Deus'.</subfield>
    </datafield>
    <datafield tag="700" ind1="1" ind2="2">
      <subfield code="i">Container of work:</subfield>
      <subfield code="a">Savonarola, Girolamo,</subfield>
      <subfield code="d">1452-1498.</subfield>
      <subfield code="t">Expositio vel meditatio in psalmum In te domine speravi.</subfield>
    </datafield>
    <datafield tag="700" ind1="1" ind2="2">
      <subfield code="i">Container of work:</subfield>
      <subfield code="a">Savonarola, Girolamo,</subfield>
      <subfield code="d">1452-1498.</subfield>
      <subfield code="t">Expositio in psalmum 'Qui regis Israël'.</subfield>
    </datafield>
    <datafield tag="700" ind1="1" ind2="2">
      <subfield code="i">Container of work:</subfield>
      <subfield code="a">Savonarola, Girolamo,</subfield>
      <subfield code="d">1452-1498.</subfield>
      <subfield code="t">Expositio decalogi.</subfield>
    </datafield>
    <datafield tag="700" ind1="1" ind2="2">
      <subfield code="i">Container of work:</subfield>
      <subfield code="a">Savonarola, Girolamo,</subfield>
      <subfield code="d">1452-1498.</subfield>
      <subfield code="t">Symboli Apostolici exegesis paraphrastica.</subfield>
    </datafield>
    <datafield tag="700" ind1="1" ind2="2">
      <subfield code="i">Container of work:</subfield>
      <subfield code="a">Savonarola, Girolamo,</subfield>
      <subfield code="d">1452-1498.</subfield>
      <subfield code="t">Paraphrasis orationis dominicae.</subfield>
    </datafield>
    <datafield tag="700" ind1="1" ind2="2">
      <subfield code="i">Container of work:</subfield>
      <subfield code="a">Savonarola, Girolamo,</subfield>
      <subfield code="d">1452-1498.</subfield>
      <subfield code="t">Alia dominicae orationis expositio.</subfield>
    </datafield>
    <datafield tag="700" ind1="1" ind2=" ">
      <subfield code="a">Gryphius, Sebastianus,</subfield>
      <subfield code="d">1493?-1556,</subfield>
      <subfield code="e">printer.</subfield>
      <subfield code="4">prt</subfield>
    </datafield>
    <datafield tag="752" ind1=" " ind2=" ">
      <subfield code="a">France</subfield>
      <subfield code="d">Lyon,</subfield>
      <subfield code="e">publication place.</subfield>
      <subfield code="4">pup</subfield>
    </datafield>
  </record>